000 03545nam a2200385 i 4500
999 _c64585
_d64585
001 768714001
003 CO-MdFUSB
005 20200821095224.0
007 ta
008 091026s2010 miu b 001 0 eng
020 _a9780802837295
020 _a0802837298
020 _a9781844744220
020 _a1844744221
040 _dCO-MdFUSB
_cCO-MdFUSB
_aCO-MdFUSB
_bspa
_erda
041 _aeng
082 _223
_a227.8707
_bO999
100 1 _aO'Brien, Peter Thomas.
_eautor
245 4 _aThe letter to the Hebrews
_c/ Peter T. O'Brie
264 1 _aGrand Rapids, Mich. :
_bWm. B. Eerdmans Publishing Company,
_c[2010]
264 4 _c©2010
300 _a596 páginas ;
_c24 cm.
336 _atexto
_btxt
_2rdacontent.
337 _asin mediación
_bn
_2rdamedia.
338 _avolumen
_bnc
_2rdacarrier.
490 _aThe Pillar New Testament commentary
500 _aEn julio de 2016, Wm. B. Eerdmans Publishing Co. recibió acusaciones contra este comentario y emprendió una investigación cuidadosa. Los editores de Eerdmans y los consultores externos determinaron que partes importantes del comentario habían sido plagiadas y retiraron el libro de la publicación. El autor, Peter T. O'Brien, fue presentado con los hallazgos y proporcionó la siguiente respuesta: "En los comentarios del Nuevo Testamento que he escrito, aunque nunca he utilizado deliberadamente el trabajo de otros, sin embargo, ahora veo que mi trabajo los procesos a veces han sido defectuosos y han generado un plagio claro pero involuntario. Por esto me disculpo sin reservas ".
505 _aAutoría y canonicidad -- La situación de los destinatarios -- Destino -- Fecha -- Género -- Estructura -- Exposición, exhortación y propósito -- Hebreos en su mundo del primer siglo -- Orígenes cristianos -- Introducción: la última palabra de Dios a nosotros en su Hijo, 1: 1-4 -- La posición del Hijo en relación con la de los ángeles, 1: 5-2: 18 -- Pon tu atención en Jesús—una advertencia contra la incredulidad—una promesa de entrando en el reposo de Dios, 3: 1-4: 13 -- Ya que tenemos un gran sumo sacerdote, agárranos y acérquese, 4: 14-16 -- El nombramiento del Hijo como único sumo sacerdote, 5: 1-7: 28 -- La ofrenda superior del sumo sacerdote designado, 8: 1-10: 18 - Ya que tenemos acceso a Dios a través del sacrificio de Cristo, acerquémonos y aferrámonos, 10: 19-25 -- Un llamado a la perseverancia y fe, 10: 26-12: 29 -- Exhortaciones finales, oraciones finales y saludos, 13: 1-25.
505 0 0 _aAuthorship and canonicity -- The situation of the recipients -- Destination -- Date -- Genre -- Structure -- Exposition, exhortation, and purpose -- Hebrews in its first-century world -- Christian origins -- Introduction : God's final word to us in his Son, 1:1-4 -- The position of the Son in relation to that of angels, 1:5-2:18 -- Fix your attention on Jesus -- a warning against unbelief -- a promise of entering God's rest, 3:1-4:13 -- Since we have a great high priest, let us hold fast and draw near, 4:14-16 -- The Son's appointment as unique high priest, 5:1-7:28 -- The superior offering of the appointed high priest, 8:1-10:18 -- Since we have access to God through Christ's sacrifice, let us draw near and hold fast, 10:19-25 -- A call to perseverance and faith, 10:26-12:29 -- Concluding exhortations, final prayers, and greetings, 13:1-25.
563 _aTapa dura
630 7 _aBiblia.
_pHebreos
_xCrítica, interpretación, etc.
942 _cREF
945 _aJTF-925